000 03535nam a2201141 a 4500
003 PE-LiUPU
005 20250813185654.0
008 180115s2017 pe a fr 001 0 spa
020 _a9786120030080
040 _aBNP
_bspa
_cPE-LiUPU
_dPE-LiUPU
_erda
082 0 4 _223
_a304.82
_bI34
245 0 0 _aImpacto de las migraciones internacionales en el desarrollo del Perú /
_ceditor, Óscar Maúrtua de Romaña.
250 _aPrimera edición
264 _aLima :
_bEdiciones Misky,
_c2017.
300 _a253 páginas :
_bilustrado, retratos. ;
_c21 centímetros.
504 _aIncluye bibliografías e índice.
505 _aMigraciones internacionales en el Perú: Hacia una apertura de oportunidades múltiples -- El perfil de los migrantes Cifras actualizadas y prospectiva de la migración internacional peruana -- El fenómeno migratorio desde una óptica multilateral. El caso Perú y opciones de desarrollo -- ¿Cómo votan los peruanos en el exterior? El voto migrante en perspectiva para la política pública -- Política exterior y política migratoria. El caso del Perú -- La importancia estratégica de la migración cualificada en la sociedad global del conocimiento -- Políticas de desarrollo global y gestión migratoria laboral: Oportunidades de inversión y desarrollo para los migrantes peruanos en el exterior -- ¿Recurso estratégico o parias de la globalización?: Planeamiento estratégico de la política pública relacionada al tema migrante -- Percepciones sobre migraciones.
526 _aP202
526 _aP201
526 _aP163
526 _aP162
526 _aP161
526 _aP160
526 _aP148
526 _aP147
526 _aP146
526 _aP145
526 _aP144
526 _aP143
526 _aP142
526 _aP141
526 _aP140
526 _aP139
526 _aP138
526 _aP137
526 _aP136
526 _aP135
526 _aP134
526 _aP133
526 _aP129
526 _aP128
526 _aP127
526 _aP120
526 _aP119
526 _aP118
526 _aP116
526 _aP115
526 _aP114
526 _aP110
526 _aP109
526 _aP108
526 _aP104
526 _aP103
526 _aP102
526 _aP99
526 _aP98
526 _aP97
526 _aP96
526 _aP95
526 _aP93
526 _aP90
526 _aP89
526 _aP88
526 _aP83
526 _aP82
526 _aP62
526 _aP59
526 _aP58
526 _aP57
526 _aP51
526 _aP49
526 _aP48
526 _aP47
526 _aP29
526 _aP24
526 _aP20
526 _aP19
526 _aP17
526 _aP15
526 _aP14
526 _aP12
526 _aP10
526 _aP09
526 _aP08
526 _aP07
526 _aP06
526 _aP05
526 _aP04
526 _aP01
583 _aAdq.
_bD.L.
_c20180105
_kMaúrtua de Romaña, Oscar
583 _aAdq.
_bD.L.
_c20180105
_kMaúrtua de Romaña, Oscar
651 8 _aPerú
_xEmigración e inmigración
_xAspectos económicos.
651 8 _aPerú
_xEmigración e inmigración
_xAspectos sociales.
651 8 _aPerú
_xCondiciones económicas.
700 1 _aMaúrtua de Romaña, Óscar,
_d1947-,
_eeditor.
942 _2ddc
_cBK
_n0
999 _c61780
_d61780
980 _618226
_aJaime Vilcazán Jefe de Análisis Documental
_81
_gALBERTO SANCHEZ Responsable de Automatización